000
00264nam a2200097Ia 4500
008
240331s9999 xx 000 0 und d
082
_b
LAK
100
_a
Lakshmi, C.S
245
0
_a
Solatha kathaikal :
_b
vaai moli varalattu payilarankil pennkalin pathivukal
942
_c
L
999
_c
4340
_d
4340